00298nam a2200121Ia 4500082001700000245004100017260003800058300000800096650001300104650001400117650002700131700001800158 a303.625 DIM- 0aDimensions of violence and terrorism aLucknowbBharat Book Centrec1998 a356 aViolence aTerrorism aViolence against women aAvasthi, Abha